000 004910000a22001930004500
001 001202
003 MACL
005 20150801125426.0
008 150801b xxu||||| |||| 00| 0 eng d
040 _aMACL
_cMACL
041 _aEnglish
082 _a363./SAR
100 _aRajan, Irudaya
_94023
245 _aIndia's Elderly
_bBurden or Challenge
_cIrudaya Rajan
260 _aNew Delhi
_c1999
_bSage Publications,
350 _a475
650 _aSocial Sciences
_94024
942 _k364
_cBK
_2ddc
999 _c1197
_d1197